| 000 -CABECERA |
| campo de control de longitud fija |
00981nam a22002537a 4500 |
| 003 - IDENTIFICADOR DEL NÚMERO DE CONTROL |
| campo de control |
OSt |
| 005 - FECHA Y HORA DE LA ÚLTIMA TRANSACCIÓN |
| campo de control |
20220606101617.0 |
| 008 - DATOS DE LONGITUD FIJA--INFORMACIÓN GENERAL |
| campo de control de longitud fija |
220602b ||||| |||| 00| 0 spa d |
| 020 ## - NÚMERO INTERNACIONAL ESTÁNDAR DEL LIBRO |
| Número Internacional Estándar del Libro |
9786123050450 |
| 040 ## - FUENTE DE LA CATALOGACIÓN |
| Centro/agencia transcriptor |
Biblioteca Municipal de Cusco |
| 082 ## - NÚMERO DE LA CLASIFICACIÓN DECIMAL DEWEY |
| Número de clasificación |
869.56/C938P |
| Notación interna |
C938P |
| 100 ## - ENTRADA PRINCIPAL--NOMBRE DE PERSONA |
| Nombre de persona |
Cueto, Alonso |
| Fechas asociadas al nombre |
1954- |
| 9 (RLIN) |
48064 |
| 245 ## - MENCIÓN DE TÍTULO |
| Título |
Pálido cielo / |
| Mención de responsabilidad, etc. |
Alonso Cueto ; prólogo de Jeremías Gamboa ; orientación para maestros y guía de lectura, Jéssica Rodríguez López |
| 250 ## - MENCIÓN DE EDICIÓN |
| Mención de edición |
Segunda edición, primera reimpresión |
| 260 ## - PUBLICACIÓN, DISTRIBUCIÓN, ETC. |
| Lugar de publicación, distribución, etc. |
Lima : |
| Nombre del editor, distribuidor, etc. |
Peisa, |
| Fecha de publicación, distribución, etc. |
2019. |
| 300 ## - DESCRIPCIÓN FÍSICA |
| Extensión |
82, [1] páginas. : |
| Otras características físicas |
ilustraciones., retratos. ; |
| Dimensiones |
19 cm. |
| 490 ## - MENCIÓN DE SERIE |
| Mención de serie |
Serie del río hablador |
| 490 ## - MENCIÓN DE SERIE |
| Mención de serie |
Biblioteca Alonso Cueto. Novela |
| 650 ## - PUNTO DE ACCESO ADICIONAL DE MATERIA--TÉRMINO DE MATERIA |
| Término de materia o nombre geográfico como elemento de entrada |
Novelas peruanas |
| Subdivisión cronológica |
Siglo XX |
| 9 (RLIN) |
47961 |
| 650 ## - PUNTO DE ACCESO ADICIONAL DE MATERIA--TÉRMINO DE MATERIA |
| Término de materia o nombre geográfico como elemento de entrada |
Comprensión de lectura |
| Subdivisión de forma |
Cuadernos de trabajo |
| 9 (RLIN) |
48065 |
| 700 ## - PUNTO DE ACCESO ADICIONAL--NOMBRE DE PERSONA |
| Nombre de persona |
Gamboa, Jeremías |
| Fechas asociadas al nombre |
1975- |
| Término indicativo de función/relación |
prologuista |
| 9 (RLIN) |
48066 |
| 700 ## - PUNTO DE ACCESO ADICIONAL--NOMBRE DE PERSONA |
| Nombre de persona |
Rodríguez López, Jessica |
| Fechas asociadas al nombre |
1972- |
| 9 (RLIN) |
48067 |
| 942 ## - ELEMENTOS DE PUNTO DE ACCESO ADICIONAL (KOHA) |
| Fuente del sistema de clasificación o colocación |
|
| Tipo de ítem Koha |
Libros-BMC |